Statistics for Countries with the Most Nobel Prizes

Click here to take the quiz!

General Stats

  • This quiz has been taken 75,366 times
    (49,845 since last reset)
  • The average score is 16 of 19

Answer Stats

#Country% Correct
413United States
100%
76France
98%
138United Kingdom
98%
115Germany
97%
30Russia / Soviet Union
96%
27Canada
93%
21Italy
93%
34Sweden
93%
29Japan
91%
14Norway
90%
14Australia
86%
19Poland
86%
12India
83%
25Austria
79%
25Switzerland
79%
22Netherlands
78%
14Denmark
77%
15Hungary
56%
13Israel
49%

Score Distribution

Percentile by Number Answered

Percent of People with Each Score

Your Score History

You have not taken this quiz since the last reset